期刊信息 |
| 索取号 |
Z6/CHIN
|
| 题名 |
China Today
|
| 作者 |
今日中国编辑部
|
| 分册号 |
|
| 分册名 |
|
| 出版地 |
北京
|
| 出版者 |
今日中国编辑部
|
| 标准刊号 |
1003-0905
|
| 出版频率 |
月刊
|
| 中图法分类 |
Z6
|
| 主题词 |
期刊; 连续出版物; 报刊; 报纸; 快报
|
| 电子资源 | |
| |
|
| 000 | 00595nas0 2200241 45 | |
| 001 | 0734230047 | |
| 005 | 20160510110859.21 | |
| 011 | @a1003-0905 | |
| 091 | @aCN11-2663 | |
| 100 | @a20070904d km y0chiy0120 ea | |
| 101 | 0 | @aeng |
| 200 | 1 | @aChina Today@f今日中国编辑部@FJin Ri Zhong Guo Bian Ji Bu |
| 210 | @a北京@c今日中国编辑部 | |
| 326 | @a月刊 | |
| 606 | 0 | @a期刊 |
| 606 | 0 | @a连续出版物 |
| 606 | 0 | @a报刊 |
| 606 | 0 | @a报纸 |
| 606 | 0 | @a快报 |
| 690 | @aZ6@v4 | |
| 711 | 02 | @a今日中国编辑部@AJin Ri Zhong Guo Bian Ji Bu |
| 801 | 0 | @aCN@bPFT@c20070904 |
| 905 | @a213230@dZ6@eCHIN | |
| China Today/今日中国编辑部.-北京:今日中国编辑部 |
| ISSN 1003-0905 |
| ● |
| 相关链接: |
|
|
|
|